| 000 | 01952nam a22002297a 4500 | ||
|---|---|---|---|
| 999 |
_c60136 _d60136 |
||
| 003 | Ge_BSU | ||
| 005 | 20230613104714.0 | ||
| 008 | 230612s2022ge xxu||||| |||| 00| 0 geo d | ||
| 020 | _a9789941488597 | ||
| 041 | _ageo | ||
| 080 | _a340.1(075.8) გ-69 | ||
| 100 |
_aგორგოშაძე, მურმან _918638 |
||
| 245 |
_aშესავალი სამართალმცოდნეობაში: _bსახელმძღვანელო / _cმურმან გორგოშაძე, ლევან ჯაყელი; რედ. ნუგზარ ფუტკარაძე; ბათუმის შოთა რუსთაველის სახელმწიფო უნივერსიტეტი. იურიდიულ და სოციალურ მეცნიერებათა ფაკულტეტი. სამართლისა და საჯარო მმართველობის დეპარტამენტი. |
||
| 264 |
_aბათუმი: _bბათუმის შოთა რუსთაველის სახელმწიფო უნივერსიტეტი, _c2022. |
||
| 300 |
_a403 გვ.: _b23 სმ. |
||
| 653 | _aშესავალი სამართალმცოდნეობაში | ||
| 653 | _aსამართალი | ||
| 700 |
_aჯაყელი ლევან _918639 |
||
| 700 |
_aფუტკარაძე, ნუგზარ _eრედაქტორი _9249 |
||
| 710 |
_aბათუმის შოთა რუსთაველის სახელმწიფო უნივერსიტეტი _918642 _bიურიდიულ და სოციალურ მეცნიერებათა ფაკულტეტი. სამართლისა და საჯარო მმართველობის დეპარტამენტი |
||
| 942 |
_2udc _cBK |
||